LEADER 01037nam0-2200349---450- 001 990008635230403321 005 20091027120620.0 010 $a88-14-01598-8 035 $a000863523 035 $aFED01000863523 035 $a(Aleph)000863523FED01 035 $a000863523 100 $a20080317d1988----km-y0itay50------ba 101 0 $aita 102 $aIT 105 $ay-------001yy 200 1 $aMaternità negata$ericerca su vissuti e atteggiamenti nell'interruzione di gravidanza$fErminio Gius, Donatella Cavanna 210 $aMilano$cGiuffrè$d1988 215 $aXIV, 400 p.$d24 cm 225 1 $aCollana di psicologia sociale e clinica$v32 610 0 $aAborto$aAspetti psicologici 676 $a155.34$v21$zita 676 $a363.46 700 1$aGius,$bErminio$0142463 701 1$aCavanna,$bDonatella$0245599 801 0$aIT$bUNINA$gRICA$2UNIMARC 901 $aBK 912 $a990008635230403321 952 $aP.1 PD 51$bBibl. 11733$fFLFBC 959 $aFLFBC 996 $aMaternità negata$9713633 997 $aUNINA LEADER 01050nam a2200253 i 4500 001 991003070999707536 005 20020503183038.0 008 940228s1993 it ||| | ita 035 $ab10453842-39ule_inst 035 $aEXGIL114624$9ExL 040 $aBiblioteca Interfacoltà$bita 100 1 $aVentura, Antonio$0454493 245 10$aImmagini di Puglia :$b(portolani, carte nautiche, carte geografiche, platee, cabrei, mappe catastali, vedute, progetti urbanistici) /$ca cura di Antonio Ventura 260 $aCavallino :$bCapone,$c1993 300 $a[25]p. :$btutte c. geogr. ;$c50 cm. 490 0 $aScritture e città ;$v8 500 $aIn testa alla copertina: La Puglia nelle antiche stampe 650 4$aPuglia$xCarte geografiche 907 $a.b10453842$b21-02-17$c27-06-02 912 $a991003070999707536 945 $aLE002 Sal. IV L 9$g1$i2002000987525$lle002$o-$pE0.00$q-$rn$so $t0$u0$v0$w0$x0$y.i10525932$z27-06-02 996 $aImmagini di Puglia$9221452 997 $aUNISALENTO 998 $ale002$b01-01-94$cm$da $e-$fita$git $h0$i1